000 01050nam a22002537a 4500
005 20240530110345.0
008 141203q2007 ua od f b 000 0 ara d
017 _a17371/2007
_bمصر . دار الكتب المصرية
020 _a9789776226112
040 _aEG-CaGPL
041 0 _aara
082 0 4 _221
_a621.882\
_bس ق
100 0 _aسالى احمد زكى
245 1 2 _aالقلاووظات :
_bاللوالب بالنظامبن المترى والانجليزى والنظام الدولى SI بمواصفات ISO /
_cتاليف سالى احمد زكى ؛ مراجعة احمد زكى حلمى
250 _aط 1
260 _aالقاهرة :
_bالدارالمصرية للعلوم ؛
_c[ 2007 ]
300 _a242 ص :
_bايض ؛
_c24 سم
490 0 _aسلسلة المواد الفنية والهندسية
504 _aيشتمل على ببليوجرافية
650 0 4 _aالقلاووظات
700 0 _aاحمد زكى حلمى
_eمراجع
942 _2ddc
_cBK
999 _c59964
_d59964